| 000 | 01926nam a22004697a 4500 | ||
|---|---|---|---|
| 001 | 000107599 | ||
| 003 | CHAP | ||
| 005 | 20220329143936.0 | ||
| 008 | 121011s2012 mx r 00010 spa d | ||
| 010 | _a104061 | ||
| 011 | _a105033 | ||
| 035 | _a115725 | ||
| 040 | _cCHAP | ||
| 090 | _aTesis | ||
| 100 | 1 |
_aOsorio Marin, Yolanda _984225 |
|
| 245 | 1 | 0 |
_aEstrés térmico, restricción alimenticia y tercer tercio gestación en ovejas de pelo : _h[En línea] _befectos sobre los niveles séricos de triyodotironina y colesterol / _c/por Yolanda Osorio Marin. |
| 260 |
_aChapingo, Méx. : _bEl autor, _c2012. |
||
| 500 | _aPara ver el contenido del material haga clic en la liga | ||
| 502 | _aTesis (Ing. Agrónomo en Sistemas Pecuarios de Zonas Áridas) -- UACH. Unidad Regional Universitaria de Zonas Áridas | ||
| 590 |
_aALEPH _b10 _c20130110 _lUCH01 _h1547 |
||
| 590 |
_aBATCH-UPD _b10 _c20130110 _lUCH01 _h0329 |
||
| 590 |
_aBATCH-UPD _b10 _c20130110 _lUCH01 _h0336 |
||
| 590 |
_aBATCH-UPD _b10 _c20130110 _lUCH01 _h0343 |
||
| 590 |
_aBATCH-UPD _b10 _c20130110 _lUCH01 _h0432 |
||
| 590 |
_aBATCH-UPD _b10 _c20130409 _lUCH01 _h2252 |
||
| 590 |
_aBATCH-UPD _b10 _c20130409 _lUCH01 _h2342 |
||
| 590 |
_aBATCH-UPD _b10 _c20130913 _lUCH01 _h2324 |
||
| 590 |
_aBATCH-UPD _b10 _c20130913 _lUCH01 _h2326 |
||
| 590 |
_aBATCH-UPD _b10 _c20140324 _lUCH01 _h1535 |
||
| 590 |
_aBATCH-UPD _b10 _c20141002 _lUCH01 _h0856 |
||
| 590 |
_aCONVERSION _b10 _c20130109 _lUCH01 _h1357 |
||
| 590 |
_aE11695DGD _b10 _c20170428 _lUCH01 _h0805 |
||
| 650 | 0 | 4 |
_aGanado lanar _xAlimentación. _945153 |
| 650 | 0 | 4 |
_aGanado lanar _xCrecimiento. _945166 |
| 650 | 0 | 4 |
_aGanado lanar _xNutrición. _945205 |
| 856 |
_3Finding aid _uhttp://10.13.5.2/tesis/115725.pdf _zTeclea aqui |
||
| 901 | _aBK | ||
| 942 | _cFOLL | ||
| 942 | _n0 | ||
| 949 |
_aTesis _bBC _cTES _d33724002351215 _eTS2 _fc.2 _h54156 _i115725 _st |
||
| 949 |
_aTesis _bBC _cTES _d33724002351967 _eTS1 _h54155 _i115725 _st |
||
| 999 |
_c104061 _d104061 |
||